[Event "Moscow op-E"]
[Site "Moscow"]
[Date "2011.01.29"]
[Round "1.84"]
[White "Gorbatov, Alexej"]
[Black "Abdurakhmanov, Abdurakhma"]
[Result "1-0"]
[WhiteElo "2395"]
[BlackElo "1982"]
[PlyCount "69"]
[EventDate "2011.01.29"]
[EventType "swiss"]
[EventRounds "9"]
[EventCountry "RUS"]
[SourceTitle "EXT 2022"]
[Source "ChessBase"]
[SourceDate "2021.10.06"]
[SourceVersion "1"]
[SourceVersionDate "2021.10.06"]
[SourceQuality "1"]

1. Nf3 d5 2. d4 e6 3. c4 c6 4. Nbd2 Nf6 5. Qc2 Bb4 6. a3 Ba5 7. e3 Nbd7 8. Be2 Qe7 9. 0-0 0-0 10. b4 Bc7 11. Bb2 e5 12. cxd5 Nxd5 13. Bd3 h6 14. Nc4 exd4 15. Bxd4 c5 16. bxc5 Nxc5 17. Bh7+ Kh8 18. Nce5 Ne6 19. Bb2 Nf6 20. Bd3 Nc5 21. Bc4 Nfe4 22. Bxf7 Bf5 23. Bg6 Kg8 24. Rfd1 Rf6 25. Bxf5 Rxf5 26. Nd7 Bxh2+ 27. Kxh2 Nxd7 28. Rxd7 Qxd7 29. Qxe4 Rc8 30. Bd4 Rh5+ 31. Kg1 Re8 32. Qg6 Ra5 33. Bxg7 Qxg7 34. Qxe8+ Kh7 35. Rd1 1-0

[Event "Dvorkovich Memorial op 5th"]
[Site "Taganrog"]
[Date "2010.08.03"]
[Round "2"]
[White "Abdurakhmanov, Abdurakhma"]
[Black "Gozdeev, V."]
[Result "1-0"]
[WhiteElo "1942"]
[BlackElo "2188"]
[PlyCount "91"]
[EventDate "2010.08.02"]
[EventType "swiss"]
[EventRounds "9"]
[EventCountry "RUS"]
[SourceTitle "EXT 2013"]
[Source "ChessBase"]
[SourceDate "2012.11.22"]
[SourceVersion "1"]
[SourceVersionDate "2012.11.22"]
[SourceQuality "1"]

1. c4 Nf6 2. Nc3 e6 3. d4 d5 4. Bg5 Be7 5. e3 0-0 6. cxd5 exd5 7. Bd3 Nbd7 8. Nge2 c6 9. 0-0 Ne4 10. Bxe7 Qxe7 11. Rb1 f5 12. b4 b5 13. Bxe4 fxe4 14. Ng3 Rf6 15. Nce2 Nb6 16. h3 a5 17. a3 axb4 18. axb4 Nc4 19. Nc1 Qd6 20. Qe1 Rg6 21. Nb3 h5 22. Nxh5 Bxh3 23. Ng3 Bg4 24. Nd2 Bd7 25. Nxc4 bxc4 26. f4 Kf7 27. Rb2 Rh8 28. Kf2 Qf6 29. Rh1 Rxh1 30. Qxh1 Rh6 31. Qa1 Qh4 32. Qa7 Rg6 33. Qxd7+ Kg8 34. Qc8+ Kf7 35. Qf5+ Rf6 36. Qd7+ Kg6 37. Qe8+ Kh7 38. Qh5+ Qxh5 39. Nxh5 Rf8 40. Ra2 g6 41. Ra7+ Kh6 42. Ng7 Rb8 43. Ne6 g5 44. fxg5+ Kg6 45. g4 Rg8 46. Ke2 1-0